| 000 | 00578nam a2200169Ia 4500 | ||
|---|---|---|---|
| 008 | 140925s9999 xx 000 0 und d | ||
| 245 |
_aJournal of sports law & contemporary problems / _h[electronic resource] |
||
| 260 |
_bDePaul University College of Law, _c[ca.2009] |
||
| 516 | _aElectronic text | ||
| 650 | _aJournal. | ||
| 650 | _aProblems. | ||
| 650 | _aSports and Recreation. | ||
| 650 | _aSports Law. | ||
| 830 | _aDePaul University College of Law | ||
| 856 | _uhttps://laworgs.depaul.edu/journals/sports_law/journals/Pages/Volume6,%20Issue2.aspx | ||
| 942 | _cEJ | ||
| 999 |
_c275856 _d275856 |
||